000 01475cam a2200325 a 4500
001 1161573
005 20041208212607.0
008 960307r19961989caub b s001 0 eng
010 _a 96012395
020 _a0520204018 (pbk. : alk. paper)
040 _aDLC
_cDLC
_dDLC
043 _aa-is---
_ama-----
050 0 0 _aDS119.7
_b.S3818 1996
082 0 0 _a325.569409034
_220
_bSHA
100 1 _aShafir, Gershon.
245 1 0 _aLand, labor, and the origins of the Israeli-Palestinian conflict, 1882-1914 /
_cGershon Shafir.
250 _aUpdated ed.
260 _aBerkeley :
_bUniversity of California Press,
_cc1996.
300 _axxv, 287 p. :
_bmap ;
_c23 cm.
504 _aIncludes bibliographical references and index.
650 0 _aJewish-Arab relations
_xHistory
_yTo 1917.
650 0 _aJews
_xColonization
_zPalestine.
650 0 _aLabor Zionism
_zPalestine.
650 0 _aLand settlement
_zPalestine.
856 4 2 _3Contributor biographical information
_uhttp://www.loc.gov/catdir/bios/ucal051/96012395.html
856 4 2 _3Publisher description
_uhttp://www.loc.gov/catdir/description/ucal041/96012395.html
942 _2ddc
_cBB
999 _c11055
_d11055